<?xml version="1.0" encoding="UTF-8"?><?xml-stylesheet type="text/xsl" href="static/style.xsl"?><OAI-PMH xmlns="http://www.openarchives.org/OAI/2.0/" xmlns:xsi="http://www.w3.org/2001/XMLSchema-instance" xsi:schemaLocation="http://www.openarchives.org/OAI/2.0/ http://www.openarchives.org/OAI/2.0/OAI-PMH.xsd"><responseDate>2026-04-26T21:57:20Z</responseDate><request verb="GetRecord" identifier="oai:uvadoc.uva.es:10324/80295" metadataPrefix="marc">https://uvadoc.uva.es/oai/request</request><GetRecord><record><header><identifier>oai:uvadoc.uva.es:10324/80295</identifier><datestamp>2026-03-25T11:48:04Z</datestamp><setSpec>com_10324_1188</setSpec><setSpec>com_10324_931</setSpec><setSpec>com_10324_894</setSpec><setSpec>col_10324_1413</setSpec></header><metadata><record xmlns="http://www.loc.gov/MARC21/slim" xmlns:doc="http://www.lyncode.com/xoai" xmlns:xsi="http://www.w3.org/2001/XMLSchema-instance" xmlns:dcterms="http://purl.org/dc/terms/" xsi:schemaLocation="http://www.loc.gov/MARC21/slim http://www.loc.gov/standards/marcxml/schema/MARC21slim.xsd">
<leader>00925njm 22002777a 4500</leader>
<datafield tag="042" ind1=" " ind2=" ">
<subfield code="a">dc</subfield>
</datafield>
<datafield tag="720" ind1=" " ind2=" ">
<subfield code="a">Montañés Serrano, Manuel</subfield>
<subfield code="e">author</subfield>
</datafield>
<datafield tag="720" ind1=" " ind2=" ">
<subfield code="a">Moreno Mínguez, Almudena</subfield>
<subfield code="e">author</subfield>
</datafield>
<datafield tag="260" ind1=" " ind2=" ">
<subfield code="c">2022</subfield>
</datafield>
<datafield tag="520" ind1=" " ind2=" ">
<subfield code="a">En este artículo se da cuenta del papel del padre en las tareas domésticas y en la crianza,&#xd;
atención y cuidados de sus hijos e hijas de acuerdo con el análisis de los discursos de los&#xd;
niños y niñas. Conforme a una muestra estructural se realizaron tres grupos de discusión y&#xd;
dos entrevistas abiertas a niños y niñas de entre 12 y 14 años residentes en la Comunidad de&#xd;
Madrid. La conclusión más relevante es que el lugar que se tiene en la estructura sociolaboral&#xd;
incide sustancialmente en esta cuestión, si bien, este condicionamiento se encuentra&#xd;
mediatizado por el género: en todos los casos, incluso en las familias más igualitarias, las&#xd;
mujeres asumen más responsabilidades y tareas. Este estudio, tanto por el procedimiento&#xd;
empleado como por los aportes suministrados, constituye una novedosa contribución al&#xd;
corpus teórico y metodológico de los estudios sobre la infancia y la nueva paternidad.</subfield>
</datafield>
<datafield tag="024" ind2=" " ind1="8">
<subfield code="a">Revista Española de Sociología, 31 (2), a99</subfield>
</datafield>
<datafield tag="024" ind2=" " ind1="8">
<subfield code="a">2445-0367</subfield>
</datafield>
<datafield tag="024" ind2=" " ind1="8">
<subfield code="a">https://uvadoc.uva.es/handle/10324/80295</subfield>
</datafield>
<datafield tag="024" ind2=" " ind1="8">
<subfield code="a">10.22325/fes/res.2022.99</subfield>
</datafield>
<datafield tag="024" ind2=" " ind1="8">
<subfield code="a">1</subfield>
</datafield>
<datafield tag="024" ind2=" " ind1="8">
<subfield code="a">31</subfield>
</datafield>
<datafield tag="024" ind2=" " ind1="8">
<subfield code="a">19</subfield>
</datafield>
<datafield tag="024" ind2=" " ind1="8">
<subfield code="a">La implicación del padre en las tareas domésticas y en el cuidado y atención de sus hijos/as según el análisis del discurso de la infancia</subfield>
</datafield>
<datafield tag="024" ind2=" " ind1="8">
<subfield code="a">2</subfield>
</datafield>
<datafield ind1=" " ind2=" " tag="653">
<subfield code="a">Sociologiía</subfield>
</datafield>
<datafield tag="245" ind1="0" ind2="0">
<subfield code="a">La implicación del padre en las tareas domésticas y en el cuidado y atención de sus hijos/as según el análisis del discurso de la infancia</subfield>
</datafield>
</record></metadata></record></GetRecord></OAI-PMH>